Auswählen #2 - Statistiken

Allgemein
  • Dieses Quiz wurde 131 mal gespielt
  • Das Durchschnittsergebnis liegt bei 47 aus 60
Antwortstatistiken
Frage Kachel Select % Korrekt
Charaktere aus Harry Potter Sauron Nein
99%
Charaktere aus Harry Potter Bilbo Beutlin Nein
98%
Charaktere aus Harry Potter Dumbledore Ja
98%
Charaktere aus Harry Potter Kankra Nein
98%
wählbaren Parteien bei der Bundestagswahl 2025 ABC Nein
96%
Charaktere aus Harry Potter Gandalf Nein
95%
Charaktere aus Harry Potter Hagrid Ja
95%
Charaktere aus Harry Potter Hexenkönig von Angmar Nein
95%
wählbaren Parteien bei der Bundestagswahl 2025 Die Erwachten Nein
94%
Sportarten bei den Olympischen Sommerspiele 2024 Schwimmen Ja
94%
wählbaren Parteien bei der Bundestagswahl 2025 Die PARTEI Ja
93%
Charaktere aus Harry Potter Ginny Weasley Ja
93%
Länder, durch die der Amazonas fließt Vereinigte Staaten Nein
93%
Länder, durch die der Amazonas fließt Brasilien Ja
91%
wählbaren Parteien bei der Bundestagswahl 2025 Freie Wähler Ja
91%
Länder, durch die der Amazonas fließt Mexiko Nein
90%
Länder, die an den Pazifik grenzen Aserbaidschan Nein
89%
wählbaren Parteien bei der Bundestagswahl 2025 Piraten Ja
89%
Sportarten bei den Olympischen Sommerspiele 2024 Gewichtheben Ja
88%
Länder, die an den Pazifik grenzen Ghana Nein
88%
Länder, durch die der Amazonas fließt Nicaragua Nein
87%
Länder, durch die der Amazonas fließt Panama Nein
86%
wählbaren Parteien bei der Bundestagswahl 2025 Anarchistische Pogo-Partei Deutschlands Nein
84%
Charaktere aus Harry Potter Regulus Arcturus Black Ja
84%
wählbaren Parteien bei der Bundestagswahl 2025 BSW Ja
83%
Sportarten bei den Olympischen Sommerspiele 2024 Darts Nein
83%
wählbaren Parteien bei der Bundestagswahl 2025 Deutsche Biertrinker Union Nein
83%
Länder, die an den Pazifik grenzen Vereinigte Staaten Ja
83%
wählbaren Parteien bei der Bundestagswahl 2025 Volt Ja
83%
Länder, die an den Pazifik grenzen Kanada Ja
82%
Charaktere aus Harry Potter Cedric Diggory Ja
81%
Sportarten bei den Olympischen Sommerspiele 2024 Biathlon Nein
80%
Länder, die an den Pazifik grenzen Mexiko Ja
80%
Länder, die an den Pazifik grenzen Neuseeland Ja
79%
Sportarten bei den Olympischen Sommerspiele 2024 Moderner Fünfkampf Ja
78%
Charaktere aus Harry Potter Viktor Krum Ja
78%
Sportarten bei den Olympischen Sommerspiele 2024 Baseball Nein
76%
Länder, die an den Pazifik grenzen Japan Ja
76%
Sportarten bei den Olympischen Sommerspiele 2024 Breakdance Ja
75%
Länder, die an den Pazifik grenzen Südafrika Nein
75%
Sportarten bei den Olympischen Sommerspiele 2024 Triathlon Ja
75%
Länder, durch die der Amazonas fließt Chile Nein
74%
Sportarten bei den Olympischen Sommerspiele 2024 Surfen Ja
74%
Länder, die an den Pazifik grenzen Chile Ja
72%
wählbaren Parteien bei der Bundestagswahl 2025 Gartenpartei Nein
71%
Sportarten bei den Olympischen Sommerspiele 2024 Skateboard Ja
69%
wählbaren Parteien bei der Bundestagswahl 2025 NPD Nein
67%
Länder, durch die der Amazonas fließt Argentinien Nein
65%
Länder, die an den Pazifik grenzen Peru Ja
64%
Länder, die an den Pazifik grenzen Costa Rica Ja
63%
Länder, die an den Pazifik grenzen Papua-Neuguinea Ja
63%
Charaktere aus Harry Potter Peeves Ja
61%
Länder, durch die der Amazonas fließt Guyana Nein
60%
Länder, durch die der Amazonas fließt Peru Ja
60%
Länder, durch die der Amazonas fließt Kolumbien Ja
59%
Sportarten bei den Olympischen Sommerspiele 2024 Taekwondo Ja
53%
Sportarten bei den Olympischen Sommerspiele 2024 Karate Nein
43%
Länder, durch die der Amazonas fließt Bolivien Nein
39%
Länder, durch die der Amazonas fließt Venezuela Nein
34%
wählbaren Parteien bei der Bundestagswahl 2025 PdF Ja
29%
Keine übereinstimmenden Quizze gefunden
Verteilung der Resultate
Anzahl Personen mit jedem Resultat
Perzentil nach korrekt beantworteten Fragen
Ihre Resultats-Entwicklung
Sie haben dieses Quiz noch nicht gespielt